| 000 -LEADER |
| fixed length control field |
00663nam a22001937a 4500 |
| 003 - CONTROL NUMBER IDENTIFIER |
| control field |
OSt |
| 005 - DATE AND TIME OF LATEST TRANSACTION |
| control field |
20190103102923.0 |
| 008 - FIXED-LENGTH DATA ELEMENTS--GENERAL INFORMATION |
| fixed length control field |
180321b xxu||||| |||| 00| 0 spa d |
| 020 ## - INTERNATIONAL STANDARD BOOK NUMBER |
| International Standard Book Number |
9502003519 |
| 040 ## - CATALOGING SOURCE |
| Transcribing agency |
PJ |
| 100 ## - MAIN ENTRY--PERSONAL NAME |
| 9 (RLIN) |
131 |
| Personal name |
Carrió, Genaro Rubén |
| 245 10 - TITLE STATEMENT |
| Title |
Un intento de superación de controversia entre positivistas y jusnaturalistas : |
| Remainder of title |
(réplica a Carlos S. Nino) / |
| Statement of responsibility, etc |
Genaro R. Carrió. |
| 260 ## - PUBLICATION, DISTRIBUTION, ETC. (IMPRINT) |
| Place of publication, distribution, etc |
Buenos Aires : |
| Name of publisher, distributor, etc |
Abeledo - Perrot, |
| Date of publication, distribution, etc |
1986. |
| 300 ## - PHYSICAL DESCRIPTION |
| Extent |
64 p. |
| Dimensions |
19 cm. |
| 490 ## - SERIES STATEMENT |
| Series statement |
Monografías Jurídicas |
| Volume number/sequential designation |
151 |
| 500 ## - GENERAL NOTE |
| General note |
Citas al pie de algunas páginas. |
| 650 #0 - SUBJECT ADDED ENTRY--TOPICAL TERM |
| 9 (RLIN) |
177 |
| Topical term or geographic name as entry element |
FILOSOFIA DEL DERECHO |
| 942 ## - ADDED ENTRY ELEMENTS (KOHA) |
| Source of classification or shelving scheme |
|
| Koha item type |
Libros |
| Classification part |
340.12 |
| Item part |
CAR |